Liste des noms de Pokémon finissant par O - Statistiques

Statistiques générales
  • Ce quiz a été pris 102 fois
  • Le résultat moyen est 32 sur 65
Statistiques - réponses
Pokémon % Correct
Jungko
79%
Arcko
74%
Massko
74%
Canarticho
72%
Pijako
67%
Smogo
67%
Smogogo
67%
Doduo
64%
Draco
64%
Félinferno
64%
Flobio
64%
Kabuto
64%
Palarticho
64%
Balbuto
62%
Dodrio
62%
Mélo
59%
Abo
56%
Frigodo
56%
Keldeo
56%
Mouscoto
56%
Tokorico
56%
Tokotoro
56%
Cryodo
54%
Glaivodo
54%
Minidraco
54%
Solgaleo
54%
Darumacho
51%
Éoko
51%
Lucario
51%
Ludicolo
51%
Tokopisco
51%
Gromago
49%
Luxio
49%
Noadkoko
49%
Sharpedo
46%
Arakdo
44%
Armaldo
44%
Axoloto
44%
Escroco
44%
Lapyro
44%
Nidorino
44%
Scarhino
44%
Vostourno
44%
Cadoizo
41%
Deusolourdo
38%
Insolourdo
38%
Loupio
38%
Météno
38%
Morphéo
38%
Spododo
38%
Flambino
36%
Ouistempo
36%
Canarbello
33%
Castorno
33%
Nosferalto
33%
Pimito
33%
Regidrago
33%
Cryptéro
31%
Fulgulairo
31%
Mamanbo
31%
Morpeko
31%
Olivado
31%
Dogrino
28%
Mewtwo
26%
Tomberro
21%
Aucun quiz correspondant
Distribution des résultats
% des personnes avec chaque résultat
Percentile par nombre de réponses
Votre historique - résultats
Vous n’avez pas pris ce quiz